Sumō no rekishi to minzoku /

Saved in:
Bibliographic Details
Main Author: Wakamori, Tarō, 1915-1977.
Format: Book
Language:Japanese
Published: Tōkyō : Kōbundō, Shōwa 57 [1982]
Series:Wakamori, Tarō, 1915-1977. Works. 1980 ; 15.
Subjects:
Tags: Add Tag
No Tags, Be the first to tag this record!
LEADER 01190nam a2200289 a 4500
001 007714975-0
005 20024617115255.0
008 830118s1982 ja af 000 0 jpn
010 |a 83106813 /AJ 
020 |a 4335210159 :  |c Y4800 
035 0 |a ocm17079610 
040 |a DLC  |c DLC  |d CLU  |d *YNH*  |d CStRLIN 
050 0 |a GV1197  |b .W324 1982 
100 1 |6 880-01  |a Wakamori, Tarō,  |d 1915-1977. 
245 1 0 |6 880-02  |a Sumō no rekishi to minzoku /  |c [chosha Wakamori Tarō ; hensha Wakamori Tarō Chosakushū Kankō Iinkai] 
260 |6 880-03  |a Tōkyō :  |b Kōbundō,  |c Shōwa 57 [1982] 
300 |a x, 441 p., [1] leaf of plates :  |b ill. ;  |c 22 cm. 
490 1 |6 880-04  |a Wakamori Tarō chosakushū ;  |v 15 
650 0 |a Sumo  |x History. 
880 1 |6 100-01  |a 和歌森太郎,  |d 1915-1977. 
880 1 0 |6 245-02  |a 相撲の歴史と民俗 /  |c [著者和歌森太郎; 編者和歌森太郎著作集刋行委員会] 
880 |6 260-03  |a 東京 :  |b 弘文堂,  |c 昭和57 [1982] 
880 1 |6 490-04  |a 和歌森太郎著作集 ;  |v 15 
800 1 |6 880-05  |a Wakamori, Tarō,  |d 1915-1977.  |t Works.  |f 1980 ;  |v 15. 
880 1 |6 800-05  |a 和歌森太郎,  |d 1915-1977.  |t Works.  |f 1980 ;  |v 15. 
988 |a 20021209 
906 |0 DLC